[Event "Mind Sports Games - Blitz Pair"]
[Site "Pechino CINA"]
[Date "2008.10.08"]
[Round "2"]
[White "Aveskulov, V."]
[Black "Naiditsch, A."]
[Result "1/2-1/2"]
[WhiteElo "2544"]
[BlackElo "2678"]
[PlyCount "114"]
[EventDate "2008.10.08"]
[Source "www.chesslib.no"]
[SourceDate "2004.05.04"]

1. b3 d5 2. Bb2 Nf6 3. e3 e6 4. f4 Bd6 5. Nf3 O-O 6. g3 Nbd7 7. Bg2 Qe7 8. Ne5 Ne8 9. O-O f6 10. Nxd7 Bxd7 11. d3 c6 12. Nd2 e5 13. Qf3 Nc7 14. Rae1 Rae8 15. Qf2 Be6 16. Nf3 Bc8 17. Kh1 e4 18. dxe4 dxe4 19. Nd2 Bf5 20. g4 Bxg4 21. Nxe4 Bb4 22. c3 Ba5 23. b4 Bb6 24. c4 Qxb4 25. c5 Bxc5 26. Nxc5 Qxc5 27. Bd4 Qa3 28. Qc2 Be6 29. Rb1 b6 30. Qxc6 Na6 31. f5 Bf7 32. Rf4 Qxa2 33. Ra1 Qe2 34. Bf1 Nb4 35. Qc3 Bd5+ 36. Kg1 Qh5 37. Qxb4 Rc8 38. Qd2 Rfe8 39. Bg2 Bb3 40. Rc1 Rxc1+ 41. Qxc1 Qe2 42. Qf1 Qd2 43. Rg4 Rc8 44. Bxf6 Rc1 45. Bxg7 Rxf1+ 46. Bxf1 Qxe3+ 47. Kh1 Bd5+ 48. Rg2 Kf7 49. f6 Bxg2+ 50. Kxg2 Qe4+ 51. Kf2 Qd4+ 52. Kg2 a5 53. Be2 Qd5+ 54. Kf2 a4 55. Ke3 a3 56. Bf3 Qe5+ 57. Kd3 a2 1/2-1/2

[Event "Las Palmas"]
[Site "Las Palmas"]
[Date "1972.??.??"]
[Round "6"]
[White "Larsen, Bent"]
[Black "Bronstein, David I"]
[Result "1/2-1/2"]
[WhiteElo "2625"]
[BlackElo "2585"]
[PlyCount "157"]
[EventDate "1972.??.??"]
[Source "ChessBase"]

1. b3 d5 2. Bb2 c5 3. e3 Nf6 4. Bb5+ Bd7 5. Qe2 e6 6. Nf3 Be7 7. Bxd7+ Nfxd7 8. O-O Bf6 9. Bxf6 Qxf6 10. Nc3 Nc6 11. Nb5 O-O 12. c4 dxc4 13. bxc4 Nde5 14. Nxe5 Qxe5 15. f4 Qf6 16. Rab1 Rad8 17. Nc3 b6 18. g4 Rd7 19. Ne4 Qg6 20. f5 exf5 21. Rxf5 Re8 22. d3 Ne5 23. Nf2 Qe6 24. Rf4 Red8 25. Rb3 Ng6 26. Re4 Qf6 27. Nh3 Qa1+ 28. Kg2 h6 29. Nf4 Nxf4+ 30. Rxf4 Re8 31. Rf1 Qe5 32. e4 g6 33. Qf3 Red8 34. a4 Kg7 35. Rd1 Rd6 36. Qg3 Qd4 37. Qf2 Qxf2+ 38. Kxf2 Rd4 39. Ke2 f5 40. gxf5 gxf5 41. Rg1+ Kh7 42. exf5 Re8+ 43. Kd1 Red8 44. Kc2 Rf4 45. a5 Rf2+ 46. Kc3 Rf3 47. Kd2 Rf2+ 48. Ke3 Rxf5 49. axb6 axb6 50. Rxb6 Rh5 51. Rb7+ Kh8 52. Rb2 Re8+ 53. Kf3 Rd8 54. Ke3 Re8+ 55. Kf3 Rd8 56. Rd2 Rh3+ 57. Rg3 Rh4 58. Rgg2 Rh3+ 59. Rg3 Rh4 60. Rg6 Kh7 61. Rc6 Rxc4 62. Rc7+ Kh8 63. dxc4 Rxd2 64. h3 Rd4 65. Rxc5 Kg7 66. Rc8 h5 67. c5 Rh4 68. c6 Rc4 69. Ke3 Kf7 70. Kd3 Rc1 71. Ke4 Ke6 72. Kf4 Rc5 73. h4 Kf6 74. Ke4 Ke6 75. Kd4 Rc2 76. Rh8 Rxc6 77. Rh6+ Kd7 78. Rxh5 Re6 79. Kd5 1/2-1/2

[Event "Paris FRA"]
[Site "?"]
[Date "2005.07.17"]
[Round "9"]
[White "Kazhgaleyev Murtas"]
[Black "Kogan Artur"]
[Result "1/2-1/2"]
[WhiteElo "2619"]
[BlackElo "2580"]
[PlyCount "23"]
[EventDate "2005.??.??"]
[Source "www.chesslib.no"]
[SourceDate "2004.05.04"]

1. b3 d5 2. Bb2 Bf5 3. e3 e6 4. Nf3 Nd7 5. Be2 h6 6. O-O Ngf6 7. c4 c6 8. d3 Be7 9. Nbd2 O-O 10. cxd5 exd5 11. a3 a5 12. h3 1/2-1/2

[Event "Donetzk zt"]
[Site "Donetsk"]
[Date "1998.11.05"]
[Round "4"]
[White "Malaniuk, Vladimir P"]
[Black "Tukmakov, Vladimir B"]
[Result "1/2-1/2"]
[WhiteElo "2590"]
[BlackElo "2605"]
[PlyCount "23"]
[EventDate "1998.11.02"]
[Source "ChessBase"]
[SourceDate "1999.02.01"]

1. b3 d5 2. Bb2 Nc6 3. e3 Nf6 4. Nf3 Bg4 5. Bb5 Qd6 6. h3 Bxf3 7. Qxf3 O-O-O 8. O-O e6 9. d4 a6 10. Bxc6 Qxc6 11. Rc1 Ne4 12. c4 1/2-1/2

[Event "Tilburg"]
[Site "Tilburg"]
[Date "1992.??.??"]
[Round "2"]
[White "Chandler, Murray G"]
[Black "Andersson, Ulf"]
[Result "0-1"]
[WhiteElo "2575"]
[BlackElo "2605"]
[PlyCount "108"]
[EventDate "1992.10.??"]
[Source "ChessBase"]

1. b3 d5 2. Bb2 Nf6 3. e3 g6 4. c4 Bg7 5. Nf3 O-O 6. cxd5 Qxd5 7. Bc4 Qf5 8. O-O c5 9. Ne5 Nfd7 10. f4 Nxe5 11. fxe5 Qg5 12. Qf3 Nc6 13. d4 cxd4 14. exd4 Bf5 15. Na3 Rad8 16. Qf2 a6 17. Rad1 e6 18. Be2 Be4 19. Nc4 b5 20. Nd6 Bd5 21. Bf3 Qe7 22. Bxd5 exd5 23. Qf3 Rxd6 24. exd6 Qxd6 25. Kh1 Nd8 26. Bc1 Ne6 27. Be3 Qd7 28. Qf2 h5 29. Qd2 Kh7 30. Rc1 f5 31. Qd3 Rf7 32. g3 Bf6 33. Rc2 Re7 34. Rfc1 Qe8 35. Rc8 Qf7 36. R8c6 Bg7 37. Rxa6 Qe8 38. Bd2 Nxd4 39. Rd6 Re2 40. Bf4 Qe4+ 41. Qxe4 fxe4 42. Rxd5 Nf3 43. g4 g5 44. Bb8 hxg4 45. Rd7 e3 46. Re7 Kg6 47. Bg3 Bd4 48. Rec7 Rxa2 49. R7c2 Rxc2 50. Rxc2 Kf5 51. Kg2 Ke4 52. Ra2 Bc3 53. Ra8 e2 54. Re8+ Kd3 0-1

[Event "Deutschland"]
[Site "?"]
[Date "2000.??.??"]
[Round "?"]
[White "Gabriel, Ch"]
[Black "Lutz, Ch"]
[Result "0-1"]
[WhiteElo "2560"]
[BlackElo "2585"]
[PlyCount "52"]
[EventDate "2000.??.??"]
[Source "Chess Informant"]
[SourceDate "2000.06.01"]

1. b3 d5 2. Bb2 Bg4 3. h3 Bh5 4. g4 Bg6 5. Bg2 h5 6. g5 Nc6 7. c4 d4 8. b4 e5 9. b5 Qxg5 10. Nf3 Qxg2 11. Rh2 Qxf3 12. exf3 Nb4 13. Kf1 Bd3+ 14. Kg1 Nc2 15. Na3 Nxa1 16. Bxa1 Bc5 17. Qb3 Bf5 18. Nc2 Ne7 19. Nb4 Ng6 20. Bb2 O-O 21. Ba3 Bxb4 22. Bxb4 Rfe8 23. Rh1 e4 24. Kh2 Nh4 25. fxe4 Bxe4 26. d3 Nf3+ 0-1

[Event "Sparkasse Open"]
[Site "?"]
[Date "1998.??.??"]
[Round "?"]
[White "Bischoff Klaus"]
[Black "Pinter Jozsef"]
[Result "1/2-1/2"]
[WhiteElo "2545"]
[BlackElo "2590"]
[PlyCount "41"]
[EventDate "1998.??.??"]
[Source "www.chesslib.no"]
[SourceDate "2004.05.04"]

1. b3 d5 2. Bb2 Bg4 3. f3 Bf5 4. e3 Nf6 5. g4 Bg6 6. h4 h5 7. g5 Nfd7 8. f4 e6 9. Nf3 Nc6 10. Bb5 a6 11. Bxc6 bxc6 12. d3 c5 13. Nbd2 f6 14. Qe2 Bd6 15. O-O-O Qe7 16. Rhg1 f5 17. Ne5 Bxe5 18. fxe5 O-O 19. Rdf1 Rfb8 20. Rf4 Rb4 21. Qh2 1/2-1/2

[Event "MK Cafe Cup-A"]
[Site "Koszalin"]
[Date "1998.08.06"]
[Round "4"]
[White "Teske, Henrik"]
[Black "Ehlvest, Jaan"]
[Result "1/2-1/2"]
[WhiteElo "2510"]
[BlackElo "2620"]
[PlyCount "29"]
[EventDate "1998.08.03"]
[Source "ChessBase"]
[SourceDate "1998.09.09"]

1. b3 d5 2. Bb2 Bg4 3. f3 Bh5 4. Nh3 Qd6 5. d4 Nc6 6. c4 dxc4 7. bxc4 O-O-O 8. e3 e5 9. d5 Nf6 10. Nd2 Nb4 11. e4 Qb6 12. Qb3 Nd7 13. a3 Na6 14. Be2 Nac5 15. Qc2 1/2-1/2

[Event "Garmisch"]
[Site "Garmisch"]
[Date "1994.??.??"]
[Round "14"]
[White "Bischoff, Klaus"]
[Black "Hertneck, Gerald"]
[Result "1/2-1/2"]
[WhiteElo "2525"]
[BlackElo "2605"]
[PlyCount "122"]
[EventDate "1994.??.??"]
[Source "ChessBase"]

1. b3 d5 2. Bb2 Bg4 3. f3 Bh5 4. e3 f6 5. c4 c6 6. d4 Nd7 7. Nc3 e6 8. Bd3 f5 9. Nh3 Qh4+ 10. Kf1 Nh6 11. Nf4 Bf7 12. cxd5 exd5 13. g3 Qf6 14. h4 Bd6 15. Kf2 Ng8 16. Qc2 Ne7 17. Nce2 g6 18. g4 fxg4 19. fxg4 h6 20. g5 Qg7 21. Raf1 hxg5 22. hxg5 O-O-O 23. e4 Rxh1 24. Rxh1 Rh8 25. Rxh8+ Qxh8 26. e5 Qh4+ 27. Kf3 Bb4 28. Bc3 Bxc3 29. Nxc3 Qh1+ 30. Qg2 Qc1 31. Nce2 Qd2 32. Qh3 Bg8 33. Qh8 Kd8 34. Qg7 Nb6 35. Bxg6 Nbc8 36. Bd3 Qxa2 37. b4 Qb3 38. g6 Qxb4 39. Qf8+ Kc7 40. g7 Qe1 41. Ng6 Qh1+ 42. Kf2 a5 43. Nxe7 Qh4+ 44. Ke3 Nxe7 45. Qf6 Qh3+ 46. Kd2 Qd7 47. Nc3 Qe6 48. Qf8 Qf7 49. Kc2 b5 50. Kb2 a4 51. Ka3 Nc8 52. Bh7 Qe7+ 53. Qxe7+ Nxe7 54. Bxg8 Nxg8 55. Kb4 Ne7 56. Ne2 Kd7 57. Nf4 Ke8 58. e6 Ng8 59. Ng6 Nf6 60. Ka3 Ng8 61. Kb4 Nf6 1/2-1/2

[Event "Bundesliga 9900"]
[Site "Germany"]
[Date "2000.03.12"]
[Round "12.4"]
[White "Bischoff, Klaus"]
[Black "Hansen, Lars Bo"]
[Result "1/2-1/2"]
[WhiteElo "2544"]
[BlackElo "2569"]
[PlyCount "103"]
[EventDate "1999.10.??"]
[Source "ChessBase"]
[SourceDate "2000.05.31"]

1. b3 d5 2. e3 e5 3. Bb2 Nd7 4. c4 dxc4 5. Bxc4 Ngf6 6. Nf3 Bd6 7. Nc3 c6 8. Qc2 Qe7 9. Ng5 O-O 10. O-O Nb6 11. Be2 h6 12. Nge4 Nxe4 13. Nxe4 Bf5 14. a3 Bxe4 15. Qxe4 Rad8 16. f3 Nd5 17. Qc2 Bc7 18. Rfe1 a5 19. Rad1 Rd7 20. Bd3 Qg5 21. Bh7+ Kh8 22. Bf5 Rdd8 23. g3 Qe7 24. Kg2 Bd6 25. Qc1 Rfe8 26. Bb1 Nf6 27. Rf1 Nd7 28. Rf2 Kg8 29. Bc2 Bc7 30. Qb1 Nf8 31. Qa1 Bd6 32. Qa2 Qc7 33. Bc3 c5 34. Bd3 Re7 35. Qc2 Nd7 36. Bc4 Nf6 37. Qf5 b6 38. g4 Qd7 39. Qxd7 Rdxd7 40. h4 Bc7 41. Rg1 Nd5 42. Bb2 g6 43. g5 h5 44. Re1 Kh7 45. Kf1 f5 46. gxf6 Nxf6 47. Ke2 Rd6 48. d3 Ne8 49. Bc3 Ng7 50. Rg2 Nf5 51. Rh1 Nd4+ 52. Bxd4 1/2-1/2

[Event "Bundesliga 9697"]
[Site "Germany"]
[Date "1997.??.??"]
[Round "?.1"]
[White "Rogers, Ian"]
[Black "Gyimesi, Zoltan"]
[Result "1/2-1/2"]
[WhiteElo "2600"]
[BlackElo "2500"]
[PlyCount "45"]
[EventDate "1996.10.??"]
[Source "ChessBase"]
[SourceDate "1999.07.01"]

1. b3 d5 2. e3 Nf6 3. Bb2 Bg4 4. Nf3 Nbd7 5. Be2 c6 6. O-O e6 7. h3 Bxf3 8. Bxf3 Bd6 9. c4 O-O 10. Nc3 Qe7 11. Qc2 a6 12. d4 Rac8 13. e4 dxe4 14. Nxe4 Nxe4 15. Qxe4 Ba3 16. Bc3 Bb4 17. Qe1 Bxc3 18. Qxc3 Qa3 19. Rfe1 Rfd8 20. Rad1 h6 21. Re3 Rc7 22. Qd2 Qd6 23. b4 1/2-1/2

[Event "USSR"]
[Site "?"]
[Date "1991.??.??"]
[Round "?"]
[White "Minasian, Artashes"]
[Black "Akopian, Vladimir E"]
[Result "1-0"]
[WhiteElo "2495"]
[BlackElo "2590"]
[PlyCount "117"]
[EventDate "1991.??.??"]
[Source "www.chesslib.no"]
[SourceDate "2004.05.04"]

1. b3 d5 2. Bb2 Bg4 3. g3 c6 4. Bg2 Nd7 5. Nf3 Ngf6 6. O-O Qc7 7. d4 e6 8. Nbd2 Bd6 9. c4 O-O 10. Rc1 Rfe8 11. Nh4 Bh5 12. Re1 Qa5 13. a3 e5 14. cxd5 cxd5 15. Nf5 Bb8 16. b4 Qa6 17. Nb3 Bg6 18. Ne3 Be4 19. Bxe4 Nxe4 20. Nxd5 Qh6 21. Rf1 exd4 22. Nxd4 Be5 23. Nf5 Qe6 24. Bxe5 Nxe5 25. Nfe3 Rad8 26. Qc2 Rxd5 27. Qxe4 Rd2 28. Rfe1 Ra2 29. Rc3 Nc6 30. Qxe6 fxe6 31. Kf1 Rd8 32. Rec1 Rad2 33. R3c2 R2d7 34. Rc4 a6 35. Re4 Kf7 36. Nc4 Ke7 37. Kg2 Rd1 38. Rc3 R8d4 39. Ree3 Ra1 40. Ne5 Nxe5 41. Rxe5 h6 42. h4 Rad1 43. f4 Kf6 44. Rce3 Rd6 45. g4 Kf7 46. h5 Rc1 47. g5 hxg5 48. fxg5 Rc8 49. Rf3+ Kg8 50. g6 Rc7 51. Rd3 Rxd3 52. exd3 Kf8 53. Rc5 Rxc5 54. bxc5 Ke7 55. Kf3 e5 56. Ke4 Ke6 57. a4 a5 58. d4 exd4 59. Kxd4 1-0

[Event "XII It"]
[Site "?"]
[Date "2004.12.09"]
[Round "6"]
[White "Kurajica Bojan"]
[Black "Dizdarevic Emir"]
[Result "1/2-1/2"]
[WhiteElo "2541"]
[BlackElo "2538"]
[PlyCount "23"]
[EventDate "2004.??.??"]
[Source "www.chesslib.no"]
[SourceDate "2004.05.04"]

1. b3 d5 2. Bb2 Nf6 3. Nf3 c6 4. e3 Bg4 5. Be2 Nbd7 6. d4 e6 7. O-O Be7 8. Nbd2 O-O 9. Ne5 Bxe2 10. Qxe2 Nxe5 11. dxe5 Nd7 12. e4 1/2-1/2

[Event "BL2-W 9899"]
[Site "?"]
[Date "1999.01.31"]
[Round "5.1"]
[White "Bricard Emmanuel"]
[Black "Aleksandrov Aleksej"]
[Result "0-1"]
[WhiteElo "2469"]
[BlackElo "2609"]
[PlyCount "52"]
[EventDate "1999.??.??"]
[Source "www.chesslib.no"]
[SourceDate "2004.05.04"]

1. b3 d5 2. Bb2 Bg4 3. g3 Nc6 4. h3 Bh5 5. Bg2 e5 6. d3 f5 7. a3 a5 8. Nd2 Nf6 9. Ngf3 Bd6 10. Nh4 Ne7 11. c4 c6 12. cxd5 cxd5 13. Ndf3 Qb8 14. Qd2 h6 15. Qe3 d4 16. Nxd4 exd4 17. Bxd4 f4 18. gxf4 Bxf4 19. Qe6 Ra6 20. Qc4 b5 21. Qc2 O-O 22. O-O Be5 23. Bxe5 Qxe5 24. Nf3 Bxf3 25. Bxf3 Nfd5 26. Be4 Nf4 0-1

[Event "NED-ch"]
[Site "Leeuwarden"]
[Date "2004.07.05"]
[Round "5"]
[White "Bosboom, Manuel"]
[Black "Van Wely, Loek"]
[Result "0-1"]
[WhiteElo "2422"]
[BlackElo "2651"]
[PlyCount "84"]
[EventDate "2004.06.30"]
[SourceDate "2004.07.13"]

1. b3 d5 2. Bb2 Nf6 3. e3 Bf5 4. Nf3 e6 5. Be2 h6 6. O-O Nbd7 7. d3 Bd6 8. Nbd2 O-O 9. Re1 Bh7 10. Bf1 Qe7 11. g3 Rfd8 12. a3 a5 13. Qc1 e5 14. Bh3 g5 15. Bg2 c6 16. e4 dxe4 17. dxe4 Bc5 18. Re2 b5 19. h4 Nh5 20. Nf1 gxh4 21. Kh1 hxg3 22. Qxh6 Nf4 23. Nxe5 Qf6 24. Qxf6 Nxf6 25. Nxc6 Ng4 26. Nxd8 Nxe2 27. Bf3 Bxe4 28. Bxe4 Nxf2+ 29. Kg2 Nxe4 30. Nb7 Bb6 31. Kf3 Re8 32. Re1 Ng5+ 33. Kg4 g2 34. Ng3 g1=Q 35. Rxg1 Bxg1 36. Nd6 Re6 37. Nxe2 Rxd6 38. Kxg5 Be3+ 39. Kf5 Rd2 40. Ng3 Rxc2 41. Be5 Bc5 42. Ne4 Bxa3 0-1

[Event "FRA Team Ch"]
[Site "France"]
[Date "1991.??.??"]
[Round "?"]
[White "Spraggett, Kevin B"]
[Black "Dorfman, Josif D"]
[Result "0-1"]
[WhiteElo "2495"]
[BlackElo "2575"]
[PlyCount "122"]
[EventDate "1991.??.??"]
[Source "www.chesslib.no"]
[SourceDate "2004.05.04"]

1. b3 d5 2. Bb2 Bg4 3. h3 Bh5 4. Nf3 Bxf3 5. exf3 Nf6 6. f4 e6 7. g3 g6 8. Qe2 Nbd7 9. Bg2 c6 10. O-O Bg7 11. d4 O-O 12. Rd1 a5 13. a4 Qb6 14. Nd2 Qa6 15. Qe1 Rfc8 16. Nf3 b5 17. Ne5 b4 18. g4 Qb7 19. Qe2 Rab8 20. Re1 Re8 21. h4 h5 22. f3 c5 23. Rac1 Qc7 24. Kh1 c4 25. bxc4 dxc4 26. Qxc4 Qxc4 27. Nxc4 Rec8 28. Bf1 Nb6 29. Nxb6 Rxb6 30. f5 hxg4 31. fxg4 Nxg4 32. fxe6 Rxe6 33. Rxe6 fxe6 34. Ba6 Rc7 35. c4 Nf2+ 36. Kg2 Nd3 37. Rb1 Nxb2 38. Rxb2 Bxd4 39. Rb3 Rh7 40. Kg3 Bf6 41. Bc8 Kf7 42. Re3 e5 43. c5 Bxh4+ 44. Kf3 Be7 45. Rxe5 Rh5 46. Rxh5 gxh5 47. c6 Bd6 48. Ke4 Kf6 49. Bh3 Bc7 50. Bg2 Ke6 51. Kd4 Kd6 52. Kc4 h4 53. Kd4 Bb6+ 54. Kc4 Ke5 55. Bh3 Bc7 56. Bd7 Ke4 57. Be6 Ke5 58. Bd7 Kf4 59. Kd3 Kg3 60. Ke2 h3 61. Be6 Kg2 0-1

[Event "Capablanca mem Elite"]
[Site "Havana"]
[Date "1999.05.10"]
[Round "4"]
[White "Arencibia, Walter"]
[Black "Hoffman, Alejandro"]
[Result "1/2-1/2"]
[WhiteElo "2520"]
[BlackElo "2547"]
[PlyCount "84"]
[EventDate "1999.05.??"]
[Source "ChessBase"]
[SourceDate "1999.08.01"]

1. b3 d5 2. Bb2 Bf5 3. e3 e6 4. Nf3 Nd7 5. d3 Ngf6 6. h3 h6 7. Nbd2 Bh7 8. Qe2 c5 9. e4 d4 10. a4 Be7 11. g3 O-O 12. Bg2 Nb8 13. O-O Nc6 14. Nh2 e5 15. Nc4 Nd7 16. h4 Nb6 17. Nxb6 axb6 18. Bh3 b5 19. axb5 Na7 20. Nf3 Bd6 21. Nd2 Nxb5 22. Rxa8 Qxa8 23. Ra1 Qd8 24. Qg4 Nc7 25. Nc4 f5 26. exf5 Bxf5 27. Qxf5 Rxf5 28. Bxf5 b5 29. Nb6 Bf8 30. Be4 Qd6 31. Nc8 Qe6 32. Na7 c4 33. bxc4 bxc4 34. Nc6 cxd3 35. cxd3 Qb3 36. Ra7 Ne8 37. Bg6 Qxb2 38. Bxe8 Qb1+ 39. Kh2 Qf1 40. Bg6 Qxf2+ 41. Kh3 Qf1+ 42. Kh2 Qf2+ 1/2-1/2

[Event "HUN Ch"]
[Site "Budapest HUN"]
[Date "1977.??.??"]
[Round "?"]
[White "Sax, Gyula"]
[Black "Farago, Ivan"]
[Result "1-0"]
[WhiteElo "2565"]
[BlackElo "2500"]
[PlyCount "97"]
[EventDate "1977.11.??"]
[Source "www.chesslib.no"]
[SourceDate "2004.05.04"]

1. b3 d5 2. e3 Nf6 3. Bb2 Nbd7 4. f4 g6 5. Nf3 Bg7 6. Be2 O-O 7. O-O b6 8. Qe1 e6 9. d3 Bb7 10. Nbd2 c5 11. Ne5 Nxe5 12. fxe5 Nd7 13. Qg3 Qc7 14. Nf3 f6 15. Qh3 Rae8 16. exf6 Bxf6 17. Bxf6 Nxf6 18. Rf2 Bc8 19. Qh4 Kg7 20. Raf1 h6 21. g4 Nh7 22. g5 Nxg5 23. Nxg5 hxg5 24. Qxg5 Rf5 25. Qg2 Qd6 26. d4 Rxf2 27. Qxf2 Rf8 28. Qh4 Rxf1+ 29. Bxf1 cxd4 30. exd4 e5 31. Qg3 Bf5 32. Bd3 Bxd3 33. cxd3 Kf6 34. h4 Qc7 35. Qg5+ Kf7 36. dxe5 Qc6 37. Kf1 a5 38. Ke2 b5 39. Ke3 Qc5+ 40. Kf3 Qc6 41. Qf4+ Kg7 42. Kg4 Qc2 43. Qf6+ Kh7 44. Qf3 Qh2 45. Qf7+ Kh8 46. Qxg6 Qe2+ 47. Kf5 Qxd3+ 48. Kf6 Qf1+ 49. Qf5 1-0

[Event "Garmisch"]
[Site "Garmisch"]
[Date "1994.??.??"]
[Round "10"]
[White "Bischoff, Klaus"]
[Black "Stangl, Markus"]
[Result "1-0"]
[WhiteElo "2525"]
[BlackElo "2535"]
[PlyCount "135"]
[EventDate "1994.??.??"]
[Source "ChessBase"]

1. b3 d5 2. Bb2 Bg4 3. f3 Bf5 4. e3 Nf6 5. g4 Bg6 6. h4 h5 7. g5 Nfd7 8. f4 c5 9. Nf3 Nc6 10. Bh3 e6 11. O-O Rc8 12. Nc3 Be7 13. f5 Bxf5 14. Bxf5 exf5 15. Nxd5 O-O 16. c4 Nb6 17. Nf4 g6 18. Ne5 Qd6 19. Nxc6 bxc6 20. Rf2 Nd7 21. Nxh5 gxh5 22. Qxh5 Ne5 23. Rxf5 Qg6 24. Qxg6+ Nxg6 25. Kf2 Rfd8 26. Ke2 Nxh4 27. Rh1 Ng6 28. Rhf1 Rf8 29. Bf6 Bd6 30. Rh1 Rfe8 31. Kd3 Rc7 32. Kc2 Be7 33. Rf3 Rd7 34. Rfh3 Bxf6 35. gxf6 Re6 36. Rh5 Rxf6 37. R1h2 Kf8 38. Rxc5 Ke7 39. Ra5 Ke6 40. a3 Ne5 41. Ra6 Ke7 42. Kc3 c5 43. Rxf6 Kxf6 44. Rh6+ Kg5 45. Rh8 Nf3 46. d3 f5 47. b4 Ne5 48. d4 cxd4+ 49. exd4 Ng6 50. Rh1 f4 51. d5 f3 52. Rg1+ Kf5 53. Kd4 Ne5 54. c5 f2 55. Rf1 Ng4 56. c6 Rd8 57. b5 Kf6 58. a4 Ke7 59. a5 Kd6 60. b6 axb6 61. axb6 Rf8 62. b7 Rf4+ 63. Kc3 Rf8 64. Kd4 Rf4+ 65. Kc3 Rf8 66. Kd4 Kc7 67. Kc5 Rf5 68. Rb1 1-0

[Event "Cannes"]
[Site "?"]
[Date "2000.08.05"]
[Round "8.1"]
[White "Chatalbashev Boris"]
[Black "Bauer Christian"]
[Result "0-1"]
[WhiteElo "2494"]
[BlackElo "2562"]
[PlyCount "124"]
[EventDate "2000.??.??"]
[Source "www.chesslib.no"]
[SourceDate "2004.05.04"]

1. b3 d5 2. Bb2 Bg4 3. f3 Bh5 4. Nh3 Qd6 5. d4 f6 6. c4 e6 7. Ba3 Qb6 8. Bxf8 Kxf8 9. Nc3 Ne7 10. e3 c5 11. Nf4 Bf7 12. cxd5 cxd4 13. Qxd4 Qxd4 14. exd4 exd5 15. O-O-O Nbc6 16. Bb5 Rc8 17. Kb2 g5 18. Bxc6 bxc6 19. Nd3 Nf5 20. f4 h6 21. Nc5 Kg7 22. Rd2 Rhe8 23. g4 Ne3 24. h3 Rc7 25. Rf2 Rce7 26. Rg1 Rb8 27. Ka3 gxf4 28. Rxf4 Bg6 29. Rg3 Nc2+ 30. Kb2 Rb4 31. Rgf3 Rxd4 32. Rxf6 Ne1 33. Rf2 Rd2+ 34. Rxd2 Kxf6 35. b4 Kg5 36. b5 cxb5 37. Rxd5+ Kf6 38. Nxb5 Re2+ 39. Kc3 Rc2+ 40. Kb3 Bf7 41. Ne4+ Ke7 42. Nbc3 Rh2 43. g5 hxg5 44. Nxg5 Bg8 45. Kb4 Bxd5 46. Nxd5+ Kd6 47. Nc3 Nd3+ 48. Kc4 Ne5+ 49. Kd4 Nc6+ 50. Kc4 Rb2 51. Nge4+ Ke5 52. Kc5 Nb4 53. a3 Na6+ 54. Kc4 Rb8 55. h4 Rh8 56. Kb5 Rh6 57. a4 Kd4 58. a5 Nc7+ 59. Kb4 Rxh4 60. Kb3 Rxe4 61. Nxe4 Kxe4 62. Kc4 Na6 0-1

[Event "It Open"]
[Site "Geneve It (open)"]
[Date "1995.??.??"]
[Round "3"]
[White "Markowski, Tomasz"]
[Black "Tukmakov, Vladimir B"]
[Result "1/2-1/2"]
[WhiteElo "2470"]
[BlackElo "2585"]
[PlyCount "49"]
[EventDate "1995.??.??"]
[Source "www.chesslib.no"]
[SourceDate "2004.05.04"]

1. b3 d5 2. Bb2 Bg4 3. g3 Nd7 4. Bg2 c6 5. Nf3 Bxf3 6. Bxf3 e5 7. d3 Ngf6 8. Nd2 Bc5 9. a3 a5 10. O-O O-O 11. e3 Re8 12. Bg2 Bf8 13. Qe2 Qb6 14. Rab1 Rad8 15. Rfe1 Qa6 16. Nf3 e4 17. Nd2 exd3 18. cxd3 g6 19. Nf3 Bg7 20. b4 axb4 21. axb4 Qb6 22. Bc3 Re7 23. Bd4 Qc7 24. Rec1 Qd6 25. Rb2 1/2-1/2

[Event "New York op"]
[Site "New York"]
[Date "1998.03.20"]
[Round "7"]
[White "Rogers, Ian"]
[Black "Stripunsky, Alexander"]
[Result "1-0"]
[WhiteElo "2570"]
[BlackElo "2475"]
[PlyCount "81"]
[EventDate "1998.03.16"]
[Source "ChessBase"]
[SourceDate "1998.06.15"]

1. b3 d5 2. Bb2 Bg4 3. Nf3 Bxf3 4. exf3 Nf6 5. g3 g6 6. Qe2 Bg7 7. Qb5+ Nbd7 8. Qxb7 O-O 9. Bh3 e6 10. O-O c5 11. Qa6 Qc7 12. Qe2 Rab8 13. d3 Ne8 14. Bxg7 Kxg7 15. Nd2 Nd6 16. c4 Rfe8 17. f4 d4 18. Nf3 a5 19. Ne5 f6 20. Nxd7 Qxd7 21. Rfe1 Nf7 22. Qd2 Rb4 23. Rab1 a4 24. bxa4 Rxa4 25. Re2 f5 26. Bg2 Re7 27. Qe1 Qd6 28. Rb5 Ra6 29. Qb1 Rea7 30. h4 Qc7 31. Bf3 Nd6 32. Rb3 Kf6 33. Reb2 Ra3 34. Kg2 Rxb3 35. axb3 Ra3 36. b4 cxb4 37. Rxb4 Qa5 38. Rb8 Ra2 39. Ra8 Qxa8 40. Bxa8 Rxa8 41. Qb6 1-0

[Event "Groningen"]
[Site "Groningen"]
[Date "1990.??.??"]
[Round "?"]
[White "Rogers, Ian"]
[Black "Brenninkmeijer, Joris"]
[Result "1-0"]
[WhiteElo "2535"]
[BlackElo "2510"]
[PlyCount "59"]
[EventDate "1990.12.??"]
[Source "ChessBase"]

1. b3 d5 2. Bb2 c6 3. e3 Nf6 4. f4 Bg4 5. Nf3 Nbd7 6. h3 Bxf3 7. Qxf3 h5 8. g3 Qc7 9. c4 e6 10. Nc3 Bc5 11. cxd5 exd5 12. Bd3 O-O-O 13. O-O-O Rhe8 14. Kb1 Kb8 15. g4 hxg4 16. hxg4 d4 17. exd4 Bxd4 18. g5 Bxc3 19. dxc3 Nd5 20. c4 Nxf4 21. Bf5 Ng6 22. Bxg7 Ndf8 23. Bc2 Ne6 24. Bf6 Rxd1+ 25. Rxd1 Nc5 26. Qf5 b6 27. b4 Ne6 28. a3 Nef8 29. Be4 Ne5 30. Rd8+ 1-0

[Event "26th Speed Chess Open, Aubervilliers FR"]
[Site "?"]
[Date "2001.??.??"]
[Round "?"]
[White "Nataf, IA."]
[Black "Pavlovic, Mi"]
[Result "1/2-1/2"]
[WhiteElo "2550"]
[BlackElo "2495"]
[PlyCount "30"]
[EventDate "2001.??.??"]
[Source "www.chesslib.no"]
[SourceDate "2004.05.04"]

1. b3 d5 2. g3 c6 3. Bb2 Bg4 4. Bg2 e6 5. c4 Nd7 6. Nf3 Ngf6 7. h3 Bxf3 8. Bxf3 Bd6 9. O-O O-O 10. d3 Qe7 11. Nd2 Ba3 12. Bc3 Bb4 13. Bb2 Ba3 14. Bc3 Bb4 15. Bb2 Ba3 1/2-1/2

[Event "2nd IECC, Ohrid MKD"]
[Site "?"]
[Date "2001.??.??"]
[Round "7"]
[White "Blatny, P."]
[Black "Zelcic, R."]
[Result "0-1"]
[WhiteElo "2545"]
[BlackElo "2500"]
[PlyCount "80"]
[EventDate "2001.??.??"]
[Source "www.chesslib.no"]
[SourceDate "2004.05.04"]

1. b3 d5 2. Bb2 Bg4 3. h3 Bh5 4. d3 Nc6 5. c4 d4 6. b4 Nxb4 7. Qa4+ Nc6 8. g4 Bg6 9. Nf3 Qd7 10. Nxd4 Nxd4 11. Qxd7+ Kxd7 12. Bxd4 e5 13. Bc3 e4 14. Nd2 exd3 15. e4 f6 16. Bxd3 Rd8 17. Ke2 Bd6 18. Nb3 Ne7 19. Rhd1 Kc8 20. c5 Be5 21. Bxe5 fxe5 22. Ke3 Bf7 23. Na5 b6 24. Bc4 Bxc4 25. Nxc4 Nc6 26. cxb6 axb6 27. Rdc1 Kb7 28. a4 Ra8 29. a5 Nxa5 30. Nxa5+ Rxa5 31. Rxa5 bxa5 32. Rc5 Kb6 33. Rxe5 Rd8 34. Rf5 a4 35. Ke2 a3 36. Rf3 Ra8 37. Rb3+ Kc5 38. Rb1 a2 39. Ra1 Kd4 40. Kf3 g5 0-1

[Event "AUT-chT 0001"]
[Site "Austria"]
[Date "2001.03.16"]
[Round "9"]
[White "Hickl, Joerg"]
[Black "Lukacs, Peter"]
[Result "1-0"]
[WhiteElo "2582"]
[BlackElo "2459"]
[PlyCount "51"]
[EventDate "2000.10.??"]
[Source "ChessBase"]
[SourceDate "2001.05.06"]

1. b3 d5 2. Bb2 Nf6 3. e3 Bg4 4. Ne2 e6 5. h3 Bh5 6. d3 Bd6 7. Nd2 Bxe2 8. Qxe2 Qe7 9. a3 O-O 10. g3 Nbd7 11. Bg2 c6 12. O-O e5 13. e4 dxe4 14. dxe4 b5 15. a4 a6 16. Rfd1 Rfd8 17. Nf3 Ne8 18. h4 Nef6 19. Ne1 h5 20. Bf3 g6 21. Qe3 Nc5 22. Rxd6 Qxd6 23. Ba3 Qd4 24. Qxd4 exd4 25. Bxc5 Re8 26. axb5 1-0